[Event "Nimzo Craze"]
[Site "SchemingMind.com"]
[Date "2007.07.25"]
[Round "-"]
[White "badbishop"]
[Black "Lazaro"]
[Result "1-0"]
[WhiteCountry "POL"]
[BlackCountry "CUB"]
[WhiteElo "2207"]
[WhiteRD "82"]
[BlackElo "1902"]
[BlackRD "58"]
[GameID "113567"]

1. d4 Nf6 2. c4 e6 3. Nc3 Bb4 4. Qc2 O-O 5. a3 Bxc3+ 6. bxc3 c5 7. e4 Qa5 8. Bd2 d6 9. Bd3 Nc6 10. Ne2 Qc7
11. O-O e5 12. f4 exd4 13. cxd4 Nxd4 14. Nxd4 cxd4 15. Rae1 b6 16. e5 dxe5 17. fxe5 Ne8 18. Bxh7+ Kh8 19. Qe4 f5 20. exf6 Nxf6
21. Qh4 g5 22. Bxg5 Qxh7 23. Bxf6+ Rxf6 24. Re8+
1-0

[Event "Nimzo Craze"]
[Site "SchemingMind.com"]
[Date "2007.07.25"]
[Round "-"]
[White "Lazaro"]
[Black "badbishop"]
[Result "0-1"]
[WhiteCountry "CUB"]
[BlackCountry "POL"]
[WhiteElo "1902"]
[WhiteRD "58"]
[BlackElo "2207"]
[BlackRD "82"]
[GameID "113569"]

1. d4 Nf6 2. c4 e6 3. Nc3 Bb4 4. Bg5 h6 5. Bh4 c5 6. dxc5 Nc6 7. Rc1 Bxc5 8. a3 b6 9. b4 Be7 10. Nf3= O-O
11. e4 d6 12. Be2 Bb7 13. O-O a6 14. Qd3 Rc8 15. Rfd1 Ne5 16. Nxe5 dxe5 17. Bg3 Qc7 18. Qe3 Rfd8 19. f3 Nh5 20. Bf2 Rd4
21. Rxd4 Bg5 22. Qd3 exd4 23. Na2 Nf4 24. Qd1 Nxe2+ 25. Qxe2 Bxc1 26. Nxc1 Qxc4
0-1

[Event "Nimzo Craze"]
[Site "SchemingMind.com"]
[Date "2007.07.26"]
[Round "-"]
[White "imhotep"]
[Black "Lazaro"]
[Result "1-0"]
[WhiteCountry "HUN"]
[BlackCountry "CUB"]
[WhiteElo "1796"]
[WhiteRD "89"]
[BlackElo "1902"]
[BlackRD "58"]
[GameID "113904"]

1. d4 Nf6 2. c4 e6 3. Nc3 Bb4 4. g3 c6 5. Bg2 d5 6. Nf3 dxc4 7. O-O b5 8. e4 Bxc3 9. bxc3 Nxe4 10. Ne5 Nf6
11. Nxc6 Qb6 12. Nxb8 Rxb8 13. Bg5 Bb7 14. Bxf6 gxf6 15. d5 e5 16. Qg4 Qd6 17. Qg7 Ke7 18. f4 Rbg8 19. Qh6 Rg6 20. Qh4 Bxd5
21. fxe5 Qc5+ 22. Rf2 Bxg2 23. exf6+ Kd7 24. Kxg2 Kc7 25. Re1 Rd8 26. Re7+ Rd7 27. Qf4+ Kc8 28. Rxd7 Kxd7 29. Rd2+ Kc8 30. Qe4 Rg8
31. Qa8+
1-0

[Event "Nimzo Craze"]
[Site "SchemingMind.com"]
[Date "2007.07.25"]
[Round "-"]
[White "imhotep"]
[Black "badbishop"]
[Result "0-1"]
[WhiteCountry "HUN"]
[BlackCountry "POL"]
[WhiteElo "1796"]
[WhiteRD "89"]
[BlackElo "2207"]
[BlackRD "82"]
[GameID "113905"]

1. d4 Nf6 2. c4 e6 3. Nc3 Bb4 4. g3 c5 5. dxc5 Ne4 6. Bd2 Nxd2 7. Qxd2 Bxc5 8. Nf3 O-O 9. Bg2 a6 10. O-O Qc7
11. a3 b6 12. b4 Be7 13. Rac1 Bb7 14. e4 d6 15. Rfd1 Nd7 16. Nd4 Ne5 17. Nce2 Bf6 18. h3 Rac8 19. f4 Nxc4 20. Qa2 b5
21. a4 Qb6 22. Kh2 Ne3 23. Bf3 Rxc1
0-1

[Event "Nimzo Craze"]
[Site "SchemingMind.com"]
[Date "2007.07.26"]
[Round "-"]
[White "Lazaro"]
[Black "imhotep"]
[Result "0-1"]
[WhiteCountry "CUB"]
[BlackCountry "HUN"]
[WhiteElo "1900"]
[WhiteRD "58"]
[BlackElo "1839"]
[BlackRD "90"]
[GameID "113907"]

1. d4 Nf6 2. c4 e6 3. Nc3 Bb4 4. Bg5 c5 5. dxc5 h6 6. Bxf6 Qxf6 7. Rc1 O-O 8. a3 Bxc5 9. Nf3 Qe7 10. Ne4 a5
11. Qd2 a4 12. e3 b6 13. Nxc5 bxc5 14. Rd1 Nc6 15. Qd6 Qxd6 16. Rxd6 Rb8 17. Rd2 f6 18. Be2 Rd8 19. Bd1 Ra8 20. Rd6 Kf8
21. Bc2 Ke7 22. Rd1 d5 23. cxd5 exd5 24. Nh4 g5 25. Nf5+ Bxf5 26. Bxf5 Rab8 27. Rd2= Na5 28. O-O Nc4 29. Rc2 Rxb2 30. Rxb2 Nxb2
31. Rb1 Rb8 32. Bc2 Rb6 33. Kf1 Kd6 34. Ke2 c4 35. Kd2 Kc5 36. Kc1 c3 37. Bf5 d4 38. Kc2 Nc4 39. exd4+ Kxd4 40. Rxb6 Nxb6
41. Bg6 Nc4 42. Be8 Nxa3+ 43. Kc1 Nc4 44. Bxa4 Ne5 45. h3 Nd3+ 46. Kc2 Nxf2 47. Bc6 f5
0-1

[Event "Nimzo Craze"]
[Site "SchemingMind.com"]
[Date "2007.07.26"]
[Round "-"]
[White "badbishop"]
[Black "imhotep"]
[Result "1-0"]
[WhiteCountry "POL"]
[BlackCountry "HUN"]
[WhiteElo "2199"]
[WhiteRD "87"]
[BlackElo "1807"]
[BlackRD "101"]
[GameID "113908"]

1. d4 Nf6 2. c4 e6 3. Nc3 Bb4 4. Qc2 O-O 5. a3 Bxc3+ 6. bxc3 b6 7. e4 Nc6 8. Bd3 d6 9. Ne2 e5 10. O-O Na5
11. Ng3 Ba6 12. f4 Bxc4 13. fxe5 dxe5 14. Bg5 exd4 15. Nh5 dxc3 16. Nxf6+ gxf6 17. Bxf6 Qxd3 18. Rf3
1-0

[Event "Nimzo Craze"]
[Site "SchemingMind.com"]
[Date "2007.07.31"]
[Round "-"]
[White "smothered mate"]
[Black "Lazaro"]
[Result "1-0"]
[WhiteCountry "POL"]
[BlackCountry "CUB"]
[WhiteElo "2004"]
[WhiteRD "75"]
[BlackElo "1902"]
[BlackRD "58"]
[GameID "114085"]

1. d4 Nf6 2. c4 e6 3. Nc3 Bb4 4. Qc2 O-O 5. a3 Bxc3+ 6. bxc3 c5 7. e4 Qa5 8. Bd2 d6 9. Nf3 Qc7 10. e5 dxe5
11. Nxe5 Nbd7 12. Bf4 Qa5 13. Bd2 Nxe5 14. dxe5 Nd7 15. f4 Nb6 16. Bd3 g6 17. O-O Bd7 18. Rf3 Rad8 19. Rh3 Ba4 20. Qc1 Qa6
21. Qe1 f5 22. exf6 Rxf6 23. Qh4 Rxd3 24. Qxh7+ Kf8 25. Rxd3
1-0

[Event "Nimzo Craze"]
[Site "SchemingMind.com"]
[Date "2007.07.26"]
[Round "-"]
[White "smothered mate"]
[Black "imhotep"]
[Result "1-0"]
[WhiteCountry "POL"]
[BlackCountry "HUN"]
[WhiteElo "2004"]
[WhiteRD "75"]
[BlackElo "1796"]
[BlackRD "89"]
[GameID "114086"]

1. d4 Nf6 2. c4 e6 3. Nc3 Bb4 4. Qc2 O-O 5. a3 Bxc3+ 6. Qxc3 b5 7. cxb5 c6 8. e3 cxb5 9. Bxb5 Ne4 10. Qb4 Qg5
11. Bf1 Nc6 12. Qb5 f5 13. Nf3 Qe7 14. Be2 Rb8 15. Qd3 d5 16. O-O a5 17. b3 g5 18. Ne5 Nxe5 19. dxe5 Nc5 20. Qc2 Rxb3
21. Bb2 Ba6 22. Bxa6 Rxb2 23. Qxb2 Nxa6 24. Rac1 Nc5 25. Qb6 Nd7 26. Qd6 Qxd6 27. exd6 Rd8 28. Rc7 Kf7 29. Rb1 e5 30. Rbb7 Ke6
31. Rc6 h5 32. Rb5 a4 33. Rb4 e4 34. Rxa4 Ne5 35. Rb6 Nc4 36. Rc6 f4 37. exf4 gxf4 38. Ra7 Nxd6 39. Rh7 Ke5 40. Rxh5+ Kd4
41. a4 Nc4 42. h4 Ra8 43. Rf5 Rxa4 44. Rxf4 Ne5 45. Rc1 Nd3 46. Rd1 Ke5 47. Rf8 d4 48. h5 Ra6 49. g4 Nf4 50. Rf5+
1-0

[Event "Nimzo Craze"]
[Site "SchemingMind.com"]
[Date "2007.07.26"]
[Round "-"]
[White "smothered mate"]
[Black "badbishop"]
[Result "1-0"]
[WhiteCountry "POL"]
[BlackCountry "POL"]
[WhiteElo "2008"]
[WhiteRD "75"]
[BlackElo "2199"]
[BlackRD "87"]
[GameID "114087"]

1. d4 Nf6 2. c4 e6 3. Nc3 Bb4 4. Qc2 O-O 5. a3 Bxc3+ 6. Qxc3 b6 7. f3 Ba6 8. e4 d5 9. e5 Nh5 10. Nh3 f5
11. Bg5 Qd7 12. g4 fxg4 13. fxg4 dxc4 14. Bg2 Nc6 15. O-O-O Bb7 16. d5 Na5 17. dxe6 Qxe6 18. Bxb7 Nxb7 19. gxh5 Nc5 20. Rhg1 Nd3+
21. Kb1 Nxe5 22. Bf4 Rxf4 23. Nxf4 Qf5+ 24. Ka2 Qxf4 25. Rd7
1-0

[Event "Nimzo Craze"]
[Site "SchemingMind.com"]
[Date "2007.07.31"]
[Round "-"]
[White "Lazaro"]
[Black "smothered mate"]
[Result "0-1"]
[WhiteCountry "CUB"]
[BlackCountry "POL"]
[WhiteElo "1953"]
[WhiteRD "69"]
[BlackElo "2008"]
[BlackRD "75"]
[GameID "114089"]

1. d4 Nf6 2. c4 e6 3. Nc3 Bb4 4. Bg5 h6 5. Bh4 c5 6. dxc5 Nc6 7. Rc1 g5 8. Bg3 Ne4 9. Bd6 Qf6 10. Qc2 Qxf2+
0-1

[Event "Nimzo Craze"]
[Site "SchemingMind.com"]
[Date "2007.07.27"]
[Round "-"]
[White "imhotep"]
[Black "smothered mate"]
[Result "0-1"]
[WhiteCountry "HUN"]
[BlackCountry "POL"]
[WhiteElo "1807"]
[WhiteRD "101"]
[BlackElo "2008"]
[BlackRD "75"]
[GameID "114090"]

1. d4 Nf6 2. c4 e6 3. Nc3 Bb4 4. g3 c5 5. dxc5 Ne4 6. Bd2 Nxd2 7. Qxd2 Nc6 8. Nf3 O-O 9. Bg2 Bxc5 10. O-O a6
11. Rad1 Qc7 12. Ne4 Bb4 13. Qd3 d5 14. cxd5 exd5 15. Qxd5 Be6 16. Qh5 Bxa2 17. Nfg5 h6 18. Nf6+ gxf6= 19. Qxh6 fxg5 20. Qxg5+ Kh8
21. Qf6+ Kg8 22. Qg5+ Kh8= 23. Be4 f5 24. Bxf5 Qg7 25. Qh5+ Kg8 26. Rd7 Rf7 27. Rfd1 Ne5 28. R7d4 Bc5 29. Rh4 Raf8 30. Bh7+ Qxh7
31. Qxe5 Bxf2+ 32. Kg2 Qg7 33. Qe4 Rf5 34. Rg4 Rg5 35. Rd7 Rxg4
0-1

[Event "Nimzo Craze"]
[Site "SchemingMind.com"]
[Date "2007.07.26"]
[Round "-"]
[White "badbishop"]
[Black "smothered mate"]
[Result "1-0"]
[WhiteCountry "POL"]
[BlackCountry "POL"]
[WhiteElo "2228"]
[WhiteRD "75"]
[BlackElo "1969"]
[BlackRD "78"]
[GameID "114091"]

1. d4 Nf6 2. c4 e6 3. Nc3 Bb4 4. Qc2 O-O 5. a3 Bxc3+ 6. bxc3 c5 7. e4 d5 8. e5 Nfd7 9. Bd3 dxc4 10. Bxh7+ Kh8
11. Nf3 Nc6 12. Bg5 Qa5 13. O-O cxd4 14. cxd4 Nxd4 15. Nxd4 Nxe5 16. Qe4 Ng6 17. Bxg6 Qxg5 18. Rfc1 f5 19. Nxe6 Bxe6 20. Qxe6 Rf6
21. Qd5 Rxg6 22. Qxb7 Re8 23. Rxc4 Re4 24. Rc8+ Kh7 25. g3 Rge6 26. Qxa7 f4 27. Rf1 f3 28. Qf7 Rf6 29. Qg8+ Kg6 30. Rc7 Qh6
31. a4 Re5 32. h4 Ref5 33. Rd1 Ra5 34. Rdd7 Kf5 35. Rxg7
1-0

[Event "Nimzo Craze"]
[Site "SchemingMind.com"]
[Date "2007.08.01"]
[Round "-"]
[White "mi_di"]
[Black "Lazaro"]
[Result "1-0"]
[WhiteCountry "MEX"]
[BlackCountry "CUB"]
[WhiteElo "1819"]
[WhiteRD "93"]
[BlackElo "1900"]
[BlackRD "58"]
[GameID "114423"]

1. d4 Nf6 2. c4 e6 3. Nc3 Bb4 4. e3 d5 5. a3 Bxc3+ 6. bxc3 O-O 7. Bd3 c5 8. Ne2 b6 9. O-O cxd4 10. cxd4 dxc4
11. Bxc4 Bb7 12. f3 Nbd7 13. e4 Rc8 14. Bd3 e5 15. d5 Nc5 16. Bg5 Qd6 17. Ng3 g6 18. f4 Ncd7 19. Bh6 Rfe8 20. Bb5 a6
21. Bxd7 Nxd7 22. Qg4 Rc3 23. f5 Nf8 24. Nh5 Nd7 25. fxg6 hxg6 26. Qxd7 Qxd7 27. Nf6+ Kh8 28. Nxd7 Re7 29. Nxb6 Rb3 30. d6
1-0

[Event "Nimzo Craze"]
[Site "SchemingMind.com"]
[Date "2007.07.30"]
[Round "-"]
[White "mi_di"]
[Black "imhotep"]
[Result "0-1"]
[WhiteCountry "MEX"]
[BlackCountry "HUN"]
[WhiteElo "1819"]
[WhiteRD "93"]
[BlackElo "1839"]
[BlackRD "90"]
[GameID "114424"]

1. d4 Nf6 2. c4 e6 3. Nc3 Bb4 4. e3 b6 5. Bd3 Bb7 6. Nf3 O-O 7. O-O d5 8. a3 Bxc3 9. bxc3 dxc4 10. Bxc4 Nc6
11. Bd3 Na5 12. Re1 c5 13. Nd2 Qc7 14. Nc4 Nxc4 15. Bxc4 cxd4 16. Qxd4 Rfd8 17. Qf4 Qxf4 18. exf4 Rac8 19. Be2 Rxc3 20. Be3 Nd5
21. Bf3 Nxe3 22. Bxb7 Nc2 23. Rac1 Nxe1 24. Rxc3 g6 25. g3 Nd3 26. Bg2 Nc5 27. Kf1 Rd3 28. Rxd3 Nxd3 29. Ke2 Nc5 30. Ke3 Kf8
31. Be4 Nxe4 32. Kxe4 Ke7 33. Kd4 Kd6 34. Kc4 a6 35. a4 f6 36. g4 e5 37. f5 gxf5 38. gxf5 b5+ 39. axb5 axb5+ 40. Kxb5 Kd5
41. f3 e4 42. fxe4+ Kxe4 43. Kc4 Kxf5 44. Kd4 Kf4
0-1

[Event "Nimzo Craze"]
[Site "SchemingMind.com"]
[Date "2007.07.28"]
[Round "-"]
[White "mi_di"]
[Black "badbishop"]
[Result "0-1"]
[WhiteCountry "MEX"]
[BlackCountry "POL"]
[WhiteElo "1749"]
[WhiteRD "105"]
[BlackElo "2207"]
[BlackRD "82"]
[GameID "114425"]

1. d4 Nf6 2. c4 e6 3. Nc3 Bb4 4. Qc2 O-O 5. a3 Bxc3+ 6. Qxc3 b5 7. cxb5 c6 8. e3 cxb5 9. Bxb5 Ne4 10. Qb3 Qg5
11. Bf1 Nc6 12. Qc2 f5 13. Nh3 Qd8 14. b4 Bb7 15. f3 Rc8 16. Qb2 Nf6 17. Bd3 Nd5 18. O-O Qb6 19. Bd2 f4 20. e4 Ne3
21. Rfe1 Nxd4 22. Bxe3 fxe3 23. Rxe3 Nxf3+
0-1

[Event "Nimzo Craze"]
[Site "SchemingMind.com"]
[Date "2007.07.28"]
[Round "-"]
[White "mi_di"]
[Black "smothered mate"]
[Result "0-1"]
[WhiteCountry "MEX"]
[BlackCountry "POL"]
[WhiteElo "1749"]
[WhiteRD "105"]
[BlackElo "2004"]
[BlackRD "75"]
[GameID "114426"]

1. d4 Nf6 2. c4 e6 3. Nc3 Bb4 4. Qc2 O-O 5. a3 Bxc3+ 6. Qxc3 b6 7. Bg5 Bb7 8. e3 h6 9. Bh4 d5 10. cxd5 Bxd5
11. Bxf6 Qxf6 12. Qxc7 Nc6 13. Qg3 e5 14. dxe5 Nxe5 15. Be2 Nc4 16. Nf3 Qxb2 17. Rd1 Bxf3 18. Bxf3 Qc3+ 19. Ke2 Qc2+ 20. Ke1 Rad8
21. Be2 Rxd1+ 22. Bxd1 Qd2+
0-1

[Event "Nimzo Craze"]
[Site "SchemingMind.com"]
[Date "2007.08.01"]
[Round "-"]
[White "Lazaro"]
[Black "mi_di"]
[Result "1-0"]
[WhiteCountry "CUB"]
[BlackCountry "MEX"]
[WhiteElo "1902"]
[WhiteRD "58"]
[BlackElo "1749"]
[BlackRD "105"]
[GameID "114428"]

1. d4 Nf6 2. c4 e6 3. Nc3 Bb4 4. Bg5 c5 5. dxc5 Qa5 6. Bd2 Qxc5 7. a3 Bxc3 8. Bxc3 Qe7 9. Nf3 Nc6 10. Qd3 O-O
11. Rd1 Rd8 12. e4 d5 13. e5 dxc4 14. exf6
1-0

[Event "Nimzo Craze"]
[Site "SchemingMind.com"]
[Date "2007.07.30"]
[Round "-"]
[White "imhotep"]
[Black "mi_di"]
[Result "1-0"]
[WhiteCountry "HUN"]
[BlackCountry "MEX"]
[WhiteElo "1796"]
[WhiteRD "89"]
[BlackElo "1749"]
[BlackRD "105"]
[GameID "114429"]

1. d4 Nf6 2. c4 e6 3. Nc3 Bb4 4. g3 d5 5. Bg2 O-O 6. Nf3 dxc4 7. O-O Nc6 8. a3 Be7 9. e4 Na5 10. Bg5 Nb3
11. Rb1 c6 12. e5 Nd5 13. Bxe7 Qxe7 14. Ne4 b5 15. Nfg5 h6 16. Qh5 Nxd4 17. Rbd1 Nf5 18. g4 hxg5 19. gxf5 f6 20. Qg6 Qf7
21. Nxf6+ Nxf6 22. exf6 Qxf6 23. Bxc6 Rb8 24. Qxf6 Rxf6 25. Rd8+ Kh7 26. fxe6 Rxe6 27. Bd7 Bxd7 28. Rxb8 a5 29. Rd1 Bc6 30. Rb6 Bf3
31. Rxe6 Bxd1 32. Re5 b4 33. axb4 axb4 34. Rxg5 c3 35. bxc3 bxc3 36. Rc5 c2 37. Kf1 Kh6= 38. Ke1 g5 39. Kd2 Kh5 40. f4 Kg6
41. Rxg5+
1-0

[Event "Nimzo Craze"]
[Site "SchemingMind.com"]
[Date "2007.07.28"]
[Round "-"]
[White "badbishop"]
[Black "mi_di"]
[Result "1-0"]
[WhiteCountry "POL"]
[BlackCountry "MEX"]
[WhiteElo "2228"]
[WhiteRD "75"]
[BlackElo "1819"]
[BlackRD "93"]
[GameID "114430"]

1. d4 Nf6 2. c4 e6 3. Nc3 Bb4 4. Qc2 O-O 5. a3 Bxc3+ 6. bxc3 c5 7. e4 d5 8. e5 Ne4 9. Bd3 Qa5 10. Ne2 cxd4
11. cxd5 exd5 12. f3 Nxc3 13. Nxd4 Ne4+ 14. Ke2 f5 15. Be3 Nc6 16. Nxc6 bxc6 17. Rhc1 Rb8 18. Qxc6 Rb2+ 19. Rc2 Nc3+ 20. Kf2 Rxc2+
21. Bxc2 f4 22. Bc5 Bd7 23. Qd6 Rc8 24. e6 Ba4 25. e7 Bd7 26. Qxd7 Qxc5+ 27. Kf1 Qb5+ 28. Qxb5 Nxb5 29. Bf5
1-0

[Event "Nimzo Craze"]
[Site "SchemingMind.com"]
[Date "2007.07.28"]
[Round "-"]
[White "smothered mate"]
[Black "mi_di"]
[Result "1-0"]
[WhiteCountry "POL"]
[BlackCountry "MEX"]
[WhiteElo "1924"]
[WhiteRD "75"]
[BlackElo "1834"]
[BlackRD "92"]
[GameID "114431"]

1. d4 Nf6 2. c4 e6 3. Nc3 Bb4 4. Bf4 O-O 5. e3 d6 6. Bd3 Nc6 7. Ne2 h6 8. O-O e5 9. Bg3 Nh5 10. Rc1 Nxg3
11. fxg3 Bxc3 12. Rxc3 exd4 13. exd4 Bg4 14. Qd2 Re8 15. Rf4 Bxe2 16. Bxe2 Qe7 17. Bf3 Qe1+ 18. Qxe1 Rxe1+ 19. Kf2 Rae8 20. d5 Nd8
21. b4 g5 22. Rd4 c5 23. bxc5 dxc5 24. Rd2 Rb1 25. Rb3 Rxb3 26. axb3 f5 27. Re2 Rxe2+= 28. Bxe2 Kf7= 29. Ke3 Kf6= 30. h4 Ke5
31. hxg5 hxg5 32. g4 f4+ 33. Kd3 a5 34. Bf3 Nf7 35. Kc3 Nd6 36. Kd3 b5 37. cxb5 Nxb5 38. Kc4 Nd4 39. Bd1 Kd6 40. Bf3 Nc2
41. Kb5 Ne3 42. Kxa5 Nxd5 43. Bxd5 Kxd5 44. Kb5 Kd4 45. Kc6 Ke3 46. Kxc5 Kf2 47. b4
1-0

[Event "Nimzo Craze"]
[Site "SchemingMind.com"]
[Date "2007.08.03"]
[Round "-"]
[White "carosoko"]
[Black "Lazaro"]
[Result "0-1"]
[WhiteCountry "BEL"]
[BlackCountry "CUB"]
[WhiteElo "1656"]
[WhiteRD "78"]
[BlackElo "1874"]
[BlackRD "51"]
[GameID "114615"]

1. d4 Nf6 2. c4 e6 3. Nc3 Bb4 4. a3 Bxc3+ 5. bxc3 c5 6. g3 d6 7. Bg2 O-O 8. Nf3 Nbd7 9. O-O d5 10. cxd5 exd5
11. Bg5 Qc7 12. Qd3 h6 13. Bf4 Qc6 14. Ne5 Qe6 15. Nxd7 Bxd7 16. dxc5 Bc6 17. Rfd1 Rfd8 18. Rab1 Rd7 19. Be3 Rad8 20. Bd4 Ne8
21. Rb2 Rc7 22. f4 f5 23. Rdb1 Re7 24. Be5 Rc8 25. c4 dxc4 26. Qc3 Bxg2 27. Kxg2 Rxc5 28. Qd4 b6 29. Rd1 Nf6 30. Bd6 Rd7
31. Bxc5 Rxd4 32. Bxd4 c3 33. Bxc3 Qc6+ 34. Kh3 Qxc3 35. Rbb1 Qxa3 36. Ra1 Qb2 37. Re1 Qd2 38. Rad1 Qe3 39. Rd3 Qe8 40. Ra1 Qxe2
41. Rd8+ Kh7 42. Rxa7 Ng4 43. Ra2 Qxa2
0-1

[Event "Nimzo Craze"]
[Site "SchemingMind.com"]
[Date "2007.07.30"]
[Round "-"]
[White "carosoko"]
[Black "imhotep"]
[Result "0-1"]
[WhiteCountry "BEL"]
[BlackCountry "HUN"]
[WhiteElo "1656"]
[WhiteRD "78"]
[BlackElo "1841"]
[BlackRD "91"]
[GameID "114616"]

1. d4 Nf6 2. c4 e6 3. Nc3 Bb4 4. a3 Bxc3+ 5. bxc3 b6 6. f3 Ba6 7. e4 Nc6 8. Bg5 Na5 9. Qa4 h6 10. Bh4 g5
11. Bf2 Qc8 12. Bd3 Qb7 13. Ne2 Qc6 14. Qxc6 dxc6 15. O-O Bxc4 16. Bxc4 Nxc4 17. a4 O-O 18. Rfd1 a5 19. Bg3 Rac8 20. Nc1 Nh5
21. Nd3 Nxg3 22. hxg3 Kg7 23. f4 f5 24. e5 g4 25. Kf2 h5 26. Rh1 Kg6 27. Rh4 Rcd8 28. Ke2 b5 29. Nc5 Rde8 30. Nd7 Rf7
31. Nf6 Rxf6 32. exf6 Nd6 33. Rah1 Ne4 34. f7 Rf8 35. Ra1 Nxc3+ 36. Kd3 b4 37. Re1 Ne4 38. Rc1 c5 39. dxc5 c6 40. Kd4 Rxf7
41. Ke5 Re7 42. Re1 Rd7 43. Rc1 Rd3 44. Kxe6 Nxg3 45. Re1 Ne4 46. Rc1 b3 47. Rhh1 Rd2 48. Rhd1 b2 49. Rb1 Rxd1 50. Rxd1 Nc3
51. Rh1 b1=Q 52. Rxb1 Nxb1 53. Kd6 Nc3 54. Kxc6 Nxa4 55. Kb5 Nxc5 56. Kxc5 h4 57. Kb5 h3
0-1

[Event "Nimzo Craze"]
[Site "SchemingMind.com"]
[Date "2007.07.29"]
[Round "-"]
[White "carosoko"]
[Black "badbishop"]
[Result "0-1"]
[WhiteCountry "BEL"]
[BlackCountry "POL"]
[WhiteElo "1648"]
[WhiteRD "76"]
[BlackElo "2199"]
[BlackRD "87"]
[GameID "114617"]

1. d4 Nf6 2. c4 e6 3. Nc3 Bb4 4. a3 Bxc3+ 5. bxc3 Ne4 6. Qc2 f5 7. f3 Qh4+ 8. g3 Nxg3 9. hxg3 Qxh1 10. Kf2 Qh5
11. Nh3 Nc6 12. Bg2 d6 13. Rb1 O-O 14. Nf4 Qf7 15. Bd2 e5 16. Nd3 exd4 17. c5 dxc5 18. Nxc5 Rb8 19. Bf4 Qc4
0-1

[Event "Nimzo Craze"]
[Site "SchemingMind.com"]
[Date "2007.07.30"]
[Round "-"]
[White "carosoko"]
[Black "smothered mate"]
[Result "0-1"]
[WhiteCountry "BEL"]
[BlackCountry "POL"]
[WhiteElo "1648"]
[WhiteRD "76"]
[BlackElo "2008"]
[BlackRD "75"]
[GameID "114618"]

1. d4 Nf6 2. c4 e6 3. Nc3 Bb4 4. a3 Bxc3+ 5. bxc3 c5 6. f3 d5 7. cxd5 exd5 8. Bg5 h6 9. Bxf6 Qxf6 10. e3 O-O
11. Bd3 Re8 12. Kf2 Nc6 13. Ne2 c4 14. Bb1 Na5 15. Qa4 Qe7 16. Qxa5 Qxe3+ 17. Kg3 Qg5+ 18. Kf2 Rxe2+ 19. Kxe2 Qxg2+ 20. Ke3 Bg4
21. Qxd5 Re8+ 22. Kf4 g5+
0-1

[Event "Nimzo Craze"]
[Site "SchemingMind.com"]
[Date "2007.07.30"]
[Round "-"]
[White "carosoko"]
[Black "mi_di"]
[Result "0-1"]
[WhiteCountry "BEL"]
[BlackCountry "MEX"]
[WhiteElo "1658"]
[WhiteRD "76"]
[BlackElo "1749"]
[BlackRD "105"]
[GameID "114619"]

1. d4 Nf6 2. c4 e6 3. Nc3 Bb4 4. a3 Bxc3+ 5. bxc3 c5 6. f3 d5 7. cxd5 Nxd5 8. dxc5 Nd7 9. e4 Ne7 10. Bb5 O-O
11. Bg5 f6 12. Be3 Nc6 13. Ne2 Qa5 14. Bxc6 bxc6 15. O-O Nxc5 16. Qe1 Ba6 17. Qf2 Nd3 18. Qg3 e5 19. Bh6 Rf7 20. Rfd1 Nb2
21. Rd6 Qc5+
0-1

[Event "Nimzo Craze"]
[Site "SchemingMind.com"]
[Date "2007.08.03"]
[Round "-"]
[White "Lazaro"]
[Black "carosoko"]
[Result "1-0"]
[WhiteCountry "CUB"]
[BlackCountry "BEL"]
[WhiteElo "1902"]
[WhiteRD "58"]
[BlackElo "1658"]
[BlackRD "76"]
[GameID "114621"]

1. d4 Nf6 2. c4 e6 3. Nc3 Bb4 4. Bg5 c5 5. dxc5 Qa5 6. Bd2 Qxc5 7. a3 Bxc3 8. Bxc3 Nc6 9. Rc1 Ne4 10. e3 O-O
11. Bd3 Nxc3= 12. Rxc3 d5 13. cxd5 Qxd5 14. Nf3 Rd8 15. Qc2 f5 16. O-O Rf8 17. Rd1 Rf6 18. Rc5 Qa2 19. Bc4
1-0

[Event "Nimzo Craze"]
[Site "SchemingMind.com"]
[Date "2007.08.01"]
[Round "-"]
[White "imhotep"]
[Black "carosoko"]
[Result "1/2-1/2"]
[WhiteCountry "HUN"]
[BlackCountry "BEL"]
[WhiteElo "1841"]
[WhiteRD "91"]
[BlackElo "1656"]
[BlackRD "78"]
[GameID "114622"]

1. d4 Nf6 2. c4 e6 3. Nc3 Bb4 4. g3 c5 5. dxc5 Bxc3+ 6. bxc3 Qa5 7. Qd3 Ne4 8. Bb2 Nxc5 9. Qc2 Na4 10. Nf3 Nc6
11. Bg2 O-O 12. O-O b6 13. Nd4 Bb7 14. Nb3 Qf5 15. Qxf5 exf5 16. Ba3 Rfe8 17. Nd4 Nxc3 18. Nxf5 Nxe2+ 19. Kh1 Na5 20. Nd6 Bxg2+
21. Kxg2 Re6 22. Rfe1 Nd4 23. Rec1 Nab3 24. axb3 Nxb3 25. Rab1 Nxc1 26. Rxc1 a6 27. Rb1 b5 28. cxb5 axb5 29. Rxb5 h5 30. Rb3 Rxa3
31. Rxa3 Rxd6 32. h4 f6 33. Ra5 Rd3 34. Rxh5 d5 35. Rf5 Kf7 36. g4 Ke6 37. h5 Rd1 38. Kg3 d4 39. Ra5 d3 40. Kf3 Re1
41. Ra2 Ke5 42. Kg3 Re2 43. Ra8 Re4 44. f4+ Kd4 45. g5 Ke3 46. h6 gxh6 47. gxh6 d2 48. Ra1 Ke2 49. Kg4 Re8 50. Kf5 Rf8
51. Kg6 f5 52. Kg7 Rc8 53. Rh1 d1=Q 54. Rxd1 Kxd1 55. h7 Ke2 56. Kg6 Rh8 57. Kxf5 Rxh7 58. Kg6=
1/2-1/2

[Event "Nimzo Craze"]
[Site "SchemingMind.com"]
[Date "2007.07.29"]
[Round "-"]
[White "badbishop"]
[Black "carosoko"]
[Result "1-0"]
[WhiteCountry "POL"]
[BlackCountry "BEL"]
[WhiteElo "2199"]
[WhiteRD "87"]
[BlackElo "1648"]
[BlackRD "76"]
[GameID "114623"]

1. d4 Nf6 2. c4 e6 3. Nc3 Bb4 4. Qc2 O-O 5. e4 c5 6. e5 cxd4 7. a3 dxc3 8. axb4 cxb2 9. Bxb2 Ng4 10. Bd3 Qh4
11. Nf3 Qh5 12. h3 Nc6 13. hxg4 Qxh1+ 14. Ke2 Qh6 15. Bc1
1-0

[Event "Nimzo Craze"]
[Site "SchemingMind.com"]
[Date "2007.08.01"]
[Round "-"]
[White "smothered mate"]
[Black "carosoko"]
[Result "0-1"]
[WhiteCountry "POL"]
[BlackCountry "BEL"]
[WhiteElo "1969"]
[WhiteRD "78"]
[BlackElo "1663"]
[BlackRD "75"]
[GameID "114624"]

1. d4 Nf6 2. c4 e6 3. Nc3 Bb4 4. Bf4 Bxc3+ 5. bxc3 b6 6. e3 Bb7 7. f3 O-O 8. Bd3 c5 9. Ne2 Nc6 10. Bd6 Re8
11. dxc5 e5 12. O-O Re6 13. Bf5 Rxd6 14. cxd6 Na5 15. Bd3 Rc8 16. Qc2 Nxc4 17. Bxc4 Rxc4 18. f4 exf4 19. Rxf4 Qc8 20. Raf1 Qc6
21. Nd4 Rxc3 22. Nxc6 Rxc2 23. Ne7+ Kf8 24. R4f2 Rxf2 25. Rxf2 Ne4 26. Rc2 Nxd6 27. Nd5 Bxd5 28. Rd2 Bxa2 29. Rxa2 Nc8 30. Rc2 Nd6
31. Rc7 a5 32. Rxd7 Nc4 33. Kf2 a4 34. Ra7 a3 35. Ke2 Na5 36. Rd7= a2 37. Rd1 Nb3 38. Kd3 a1=Q 39. Rxa1 Nxa1
0-1

[Event "Nimzo Craze"]
[Site "SchemingMind.com"]
[Date "2007.08.01"]
[Round "-"]
[White "mi_di"]
[Black "carosoko"]
[Result "1-0"]
[WhiteCountry "MEX"]
[BlackCountry "BEL"]
[WhiteElo "1819"]
[WhiteRD "93"]
[BlackElo "1663"]
[BlackRD "75"]
[GameID "114625"]

1. d4 Nf6 2. c4 e6 3. Nc3 Bb4 4. e3 Bxc3+ 5. bxc3 c5 6. Bd3 Nc6 7. Ne2 O-O 8. O-O d6 9. e4 e5 10. d5 Ne7
11. Ng3 Bd7 12. Bg5 Bg4 13. f3 Bd7 14. Bxf6 gxf6 15. f4 Kh8 16. fxe5 fxe5 17. Nf5 Rg8 18. Nh6 Qf8 19. Nxg8 Nxg8 20. Qh5 f6
21. Be2 Re8 22. Bg4 Re7 23. Bxd7 Rxd7 24. Rf3 Rg7 25. Rh3 Qf7 26. a4 Ne7 27. Qxf7 Rxf7 28. Rf1 Kg7 29. Rhf3 Nc8 30. g4 h6
31. h4 Nb6 32. g5 hxg5 33. hxg5 Nxc4 34. gxf6+ Kf8 35. Rh3 Ke8 36. Rh8+ Kd7 37. Rb8 Kc7 38. Re8 Kd7 39. Rb8 Na5= 40. Rf3 Kc7
41. Rg8 Kd7 42. Rfg3 a6 43. R3g7
1-0

[Event "Nimzo Craze"]
[Site "SchemingMind.com"]
[Date "2007.08.01"]
[Round "-"]
[White "nimzoking"]
[Black "carosoko"]
[Result "1-0"]
[WhiteCountry "ENG"]
[BlackCountry "BEL"]
[WhiteElo "2094"]
[WhiteRD "80"]
[BlackElo "1648"]
[BlackRD "76"]
[GameID "114739"]

1. d4 Nf6 2. c4 e6 3. Nc3 Bb4 4. f3 Bxc3+ 5. bxc3 O-O 6. e4 c5 7. Bd3 Nc6 8. d5 Ne5 9. Bg5 Qa5 10. Qd2 Qa4
11. Bxf6 gxf6 12. f4 Nxd3+ 13. Qxd3 d6 14. Ne2 Rd8 15. O-O Bd7 16. Qg3+ Kf8 17. Qh4 Qxc4 18. dxe6 Qxe6 19. f5 Qc4 20. Nf4 Bc6
21. Qxf6 Qxe4 22. Rae1 Qc2 23. Qh8#
1-0